Loading...
Literature - American Literature | 2 | 7 | 1 | 1 | 95 | 59 | 97.67 | 6 | 9 |
Literature - World Literature | 4 | 3 | 1 | 2 | 85 | 51 | 83.57 | 3 | 6 |
Philosophy | 1 | 6 | 0 | 1 | 75 | 79 | 106.00 | 2 | 7 |
Literature - British Literature | 3 | 3 | 1 | 1 | 70 | 49 | 80.67 | 4 | 6 |
Social Science | 1 | 5 | 2 | 1 | 55 | 46 | 84.50 | 5 | 6 |
Beliefs | 1 | 3 | 0 | 1 | 45 | 71 | 101.00 | 1 | 3 |
Literature - European Literature | 3 | 1 | 4 | 0 | 35 | 46 | 54.25 | 4 | 4 |
History - World History | 0 | 4 | 2 | 4 | 30 | 97 | 120.25 | 1 | 3 |
Visual Arts | 1 | 2 | 2 | 0 | 25 | 91 | 92.67 | 1 | 3 |
Auditory Arts | 0 | 2 | 0 | 0 | 20 | 99 | 110.50 | 0 | 1 |
History - European History | 0 | 2 | 0 | 2 | 20 | 76 | 94.50 | 0 | 1 |
History - Other History | 0 | 1 | 0 | 0 | 10 | 105 | 105.00 | 1 | 1 |
History - American History | 0 | 1 | 0 | 0 | 10 | 118 | 118.00 | 1 | 1 |
Science - Chemistry | 0 | 1 | 0 | 1 | 10 | 125 | 125.00 | 0 | 0 |
Science - Other Science | 0 | 2 | 2 | 0 | 10 | 109 | 112.50 | 0 | 2 |
Science - Biology | 0 | 1 | 1 | 0 | 5 | 70 | 70.00 | 1 | 1 |
History - Ancient History | 0 | 1 | 1 | 0 | 5 | 73 | 73.00 | 1 | 1 |
Fine Arts - Other Arts | 0 | 1 | 1 | 0 | 5 | 118 | 118.00 | 0 | 1 |
Current Events | 0 | 1 | 2 | 0 | 0 | 68 | 68.00 | 1 | 1 |
Geography | 0 | 0 | 0 | 0 | 0 | 0.00 | 0 | 0 | |
Science - Physics | 0 | 2 | 5 | 0 | -5 | 83 | 105.50 | 0 | 0 |